00308nam a22001217a 4500020001900000041000900019082001600028100002200044245004800066260003900114300000800153650002500161 a97898382350378 aUrdu a891.43bASK aDr. Askari Safdar aMirza Ghalib - Ek Jaeza (Tahqeeqi Mazameen) aHyderabadbNisaab Publishersc2021 a192 aUrdu Poetry (Ghalib)